History Quiz

Random History or Clickable Quiz

US Presidents Quiz Stats

 Plays Quiz not verified by Sporcle

Challenge
Share
Tweet
Embed
Score 0/15 Timer 05:00
0 Plays Today
% Correct
Calvin Coolidge
89.5%
Franklin D. Roosevelt
89.5%
Ulysses S. Grant
86.8%
Chester A. Arthur
86.8%
Grover Cleveland
86.8%
William McKinley
86.8%
Theodore Roosevelt
86.8%
Woodrow Wilson
84.2%
% Correct
Warren G. Harding
84.2%
Herbert Hoover
81.6%
Rutherford B. Hayes
78.9%
James A. Garfield
78.9%
William Howard Taft
78.9%
Harry S. Truman
68.4%
Benjamin Harrison
65.8%

You're not logged in!

Compare scores with friends on all Sporcle quizzes.
Join for Free
OR
Log In

You Might Also Like...

Show Comments

Extras

Top Quizzes Today


Score Distribution

Your Account Isn't Verified!

In order to create a playlist on Sporcle, you need to verify the email address you used during registration. Go to your Sporcle Settings to finish the process.

Report this User

Report this user for behavior that violates our Community Guidelines.

Details: